|
|
|
|
| LEADER |
00000nab a2200000 a 4500 |
| 001 |
vtls008631262 |
| 003 |
SK-MaSNL |
| 005 |
20260304144537.0 |
| 008 |
250505c2006 xo mr|p||| |000 b|slo |
| 015 |
|
|
|a SNBRB2006/3
|
| 035 |
|
|
|a (uuid)94b161b6-a734-4df2-a3bc-7ce424b802f0
|
| 035 |
|
|
|a urn:nbn:sk:snk-abd54w
|
| 035 |
|
|
|a (urnnbn)urn:nbn:sk:snk:ar-007fl6
|
| 038 |
|
|
|a SPK
|
| 040 |
|
|
|a SNKBUCL
|b slo
|c SNKBUCL
|e AACR2
|
| 041 |
0 |
|
|a slo
|
| 044 |
|
|
|a xo
|c SK
|
| 080 |
|
|
|a 725.57
|2 1997
|
| 080 |
|
|
|a 371.311.1
|2 1997
|
| 100 |
1 |
|
|a Fedorová, Mária,
|d 1946-
|4 aut
|9 159697
|
| 245 |
1 |
0 |
|a Individuálna práca s dieťaťom a rodinou v detskom domove - 2. časť
|c Mária Fedorová
|
| 650 |
0 |
7 |
|a detské domovy
|2 SNKPH
|9 69524
|
| 650 |
0 |
7 |
|a individuálny prístup
|2 spk
|9 71332
|
| 773 |
0 |
|
|t Vychovávateľ
|g Roč. LII, č. 7 (2006), s. 23-25
|x 0139-6919
|
| 850 |
|
|
|a Slovenská národná knižnica
|
| 852 |
|
|
|a Slovenská národná knižnica
|
| 954 |
|
|
|a odborná, vedecká literatúra pôvodná (slovenská)
|2 lita
|
| 958 |
|
|
|a article17
|
| 958 |
|
|
|a NB
|2 spk
|
| 958 |
|
|
|a OND
|
| 958 |
|
|
|a EUIPO
|
| 999 |
|
|
|c 2931939
|d 2933869
|